01427nam a2200325 a 4500001001200000003000800012006001900020007001500039008004100054010001700095020002800112040002100140035002100161050002600182082002000208100002100228245013500249260004700384300001600431504006600447533015200513650006400665650006200729650005600791650005400847655002900901700002800930710001700958856012600975ebr10017951CaPaEBRm u cr cn|||||||||980911s1999 ctu sb 001 0 eng  z 98044207  z0897895592 (alk. paper) aCaPaEBRcCaPaEBR a(OCoLC)61467799814aLB1776.5b.M35 1999eb04a373.11/00232211 aMaloy, Robert W.14aThe essential career guide to becoming a middle and high school teacherh[electronic resource] /cRobert W. Maloy, Irving Seidman. aWestport, Conn. :bBergin & Garvey,c1999. axiv, 237 p. aIncludes bibliographical references (p. [227]-232) and index. aElectronic reproduction.bPalo Alto, Calif. :cebrary,d2013.nAvailable via World Wide Web.nAccess may be limited to ebrary affiliated libraries. 0aMiddle school teachingxVocational guidancezUnited States. 0aHigh school teachingxVocational guidancezUnited States. 0aMiddle school teachersxTraining ofzUnited States. 0aHigh school teachersxTraining ofzUnited States. 7aElectronic books.2local1 aSeidman, Irving,d1937-2 aebrary, Inc.40uhttp://site.ebrary.com/lib/rucke/Doc?id=10017951zAn electronic book accessible through the World Wide Web; click to view